| 000 | 00766cab a2200241 4500 | ||
|---|---|---|---|
| 001 | WB3430-36 | ||
| 008 | 090401t1998 xxu||||| |||| 00| 0 eng d | ||
| 035 | _a(Sirsi) u87897 | ||
| 041 | _aeng | ||
| 245 | _aMalaysian property | ||
| 260 | _c1998 | ||
| 350 | _a0 | ||
| 490 |
_aFinancial Times _v7 August 1998, 24(1) |
||
| 520 | _aDiscusses attempts by the Malaysian central bank to avert a crisis in the Malaysian property market. Table. | ||
| 650 | _aPROPERTY-COMMERCIAL PROPERTY-COMMERCIAL PROPERTY MARKET | ||
| 650 | _aMALAYSIA | ||
| 650 | _aPROPERTY-COMMERCIAL PROPERTY-OFFICE PROPERTY-OFFICE PROPERTY MARKET | ||
| 650 | _aPROPERTY LENDING | ||
| 650 | _aSOUTHEAST ASIA | ||
| 690 | _aOVERSEAS-REST OF THE WORLD | ||
| 942 | _n0 | ||
| 948 | _c07/08/1998 | ||
| 999 |
_c55475 _d55475 |
||